| 000 | 01194nac a22002771u 4500 | ||
|---|---|---|---|
| 010 | _a2004100251 | ||
| 020 | _a0324178921 (Pkg) | ||
| 020 | _a0324232535 (Text) | ||
| 035 | _a(DLC) 2004100251 | ||
| 082 |
_a658.403 _bM912 |
||
| 090 |
_c1167 _d1167 |
||
| 100 | _aMosley, Donald C. | ||
| 245 | 1 | 0 |
_aSupervisory management : _bthe art of inspiring, empowering, and developing people / _cDonald C. Mosley, Leon C. Megginson, Paul H. Pietri. |
| 250 | _a6th ed. | ||
| 260 |
_aMason, Ohio : _bThomson/South-Western,2005 _cc2005. |
||
| 300 |
_axx, 526 p. : _bill. (some col.) ; _c26 cm. |
||
| 500 | _aIncludes passcode to Infotrac College Edition, the Online Library (WWW.infotrac-college.com). | ||
| 504 | _aIncludes bibliographical references (p. [505]-510) and index. | ||
| 650 | 0 | _aPersonnel management. | |
| 650 | 0 | _aSupervision of employees. | |
| 700 | 1 | _aMegginson, Leon C. | |
| 700 | 1 | _aPietri, Paul H. | |
| 856 | 4 | 1 |
_3Table of contents _uhttp://www.loc.gov/catdir/toc/fy046/2004100251.html |
| 942 |
_cBB _k658.403M912 |
||
| 999 |
_c1167 _d1167 |
||